<?xml version="1.0" encoding="UTF-8"?>
<marc:record xmlns:marc="http://www.loc.gov/MARC21/slim">
   <marc:leader>00000nam a2200000 a 4500</marc:leader>
   <marc:datafield ind1="1" ind2=" " tag="100">
      <marc:subfield code="a">Gisser, Heidi</marc:subfield>
      <marc:subfield code="4">aut</marc:subfield>
      <marc:subfield code="e">Verfasser/-in</marc:subfield>
   </marc:datafield>
   <marc:datafield ind1=" " ind2=" " tag="653">
      <marc:subfield code="a">Softcover / Reiseführer/Sportreisen</marc:subfield>
   </marc:datafield>
   <marc:datafield ind1=" " ind2=" " tag="653">
      <marc:subfield code="a">Aktivreisen/Europa</marc:subfield>
   </marc:datafield>
   <marc:datafield ind1=" " ind2=" " tag="653">
      <marc:subfield code="a">Reisebericht</marc:subfield>
   </marc:datafield>
   <marc:datafield ind1="0" ind2="0" tag="245">
      <marc:subfield code="a">Wandern macht süchtig</marc:subfield>
   </marc:datafield>
   <marc:datafield ind1="0" ind2="0" tag="245">
      <marc:subfield code="b">zu Fuß von Wien nach Sizilien</marc:subfield>
   </marc:datafield>
   <marc:datafield ind1="0" ind2="0" tag="245">
      <marc:subfield code="c">Heidi Gisser</marc:subfield>
   </marc:datafield>
   <marc:datafield ind1=" " ind2="1" tag="264">
      <marc:subfield code="a">Purkersdorf</marc:subfield>
      <marc:subfield code="b">Hollinek</marc:subfield>
      <marc:subfield code="c">2014</marc:subfield>
   </marc:datafield>
   <marc:datafield ind1="1" ind2=" " tag="520">
      <marc:subfield code="a">Angaben aus der Verlagsmeldung

Wandern macht süchtig : Zu Fuß von Wien nach Sizilien / von Heidi Giesser

Das Buch – aus einem virtuellen Tagebuch entstanden – versteht sich sowohl als alternativer Wanderführer quer durch Italien, als auch als sehr persönliches Zeitdokument einer abenteuerlichen und ungewöhnlichen Fußreise weitgehend im Alleingang.

Heidi Gisser (Jahrgang 1955, verheiratet, ein erwachsener Sohn), in Wien geboren und wohnhaft, hat während ihres Studiums (Musiktherapie) als Reiseleiterin und nach dessen Abschluss immer im Sozialbereich gearbeitet (Behinderteneinrichtungen, Pflegeheim). Ihre Liebe gilt seit jeher der Musik. Aktiv spielt sie zahlreiche Instrumente, darunter auch Dudelsack und Drehleier. Gleichermaßen liebt sie die Natur und ist seit ihrer Kindheit immer wieder gerne wandernd, bergsteigend oder campend unterwegs. Der Plan zu dem Abenteuer, von Wien bis nach Taormina zu Fuß zu gehen, entstand bereits in der Studienzeit und wurde nun nach glücklicher Beendigung des Arbeitslebens in die Tat umgesetzt.
</marc:subfield>
   </marc:datafield>
   <marc:datafield ind1=" " ind2=" " tag="020">
      <marc:subfield code="a">9783851193503</marc:subfield>
      <marc:subfield code="9">9783851193503</marc:subfield>
   </marc:datafield>
   <marc:datafield ind1=" " ind2=" " tag="041">
      <marc:subfield code="a">ger</marc:subfield>
   </marc:datafield>
   <marc:datafield ind1=" " ind2=" " tag="300">
      <marc:subfield code="a">355 S.</marc:subfield>
   </marc:datafield>
</marc:record>
